SOUČASNÉ TRENDY MANAGEMENTU V ČESKÉ REPUBLICE

Bibliographic Details
Main Author: Lednický, Václav (Author)
Format: Article
Language:Czech
ISBN:8071377155

MARC

LEADER 00000naa a2200000uu 4500
001 vtls010962221
003 SK-MaSNL
005 20260302121234.0
008 220810|2000 xo |||||||||||||||||cze|
015 |a SNBRA 
035 |a (urnnbn)urn:nbn:sk:snk:ar-a0bsqq 
035 |a (uuid)7bcd7202-1be8-4356-9be9-9e29ae0c14be 
035 |a urn:nbn:sk:snk-aaukdt 
040 |a SNKBUCL  |b slo  |c SNKBUCL  |e AACR2 
041 0 |a cze 
044 |a xo  |c SK 
100 1 |a Lednický, Václav  |4 aut  |9 402455 
245 1 0 |a SOUČASNÉ TRENDY MANAGEMENTU V ČESKÉ REPUBLICE  |c Václav Lednický 
246 3 |a CONTEMPORARY TRENDS OF MANAGEMENT IN CZECH REPUBLIC 
773 0 |t Zborník vedeckých prác z Medzinárodných vedeckých dní 2000  |d Nitra : Slovenská poľnohospodárska univerzita, 2000  |g S. 63-67  |z 8071377155 
954 |a odborná, vedecká literatúra cudzojazyčná (svetová)  |2 lita 
958 |a OND 
958 |a article11 
958 |a chapter 
999 |c 1273072  |d 1275002